| 000 | 00932nmm a2200289 a 4500 | ||
|---|---|---|---|
| 001 | ocm0002015913 | ||
| 003 | TR-IsHL | ||
| 005 | 20201028181207.0 | ||
| 008 | 181225s2016 tu tur | ||
| 007 | cr cn | ||
| 020 | _a9786054921867 | ||
| 035 |
_a2015913 _b(N$T) |
||
| 050 | 0 | 4 |
_aPL248.G77 _bŞ57 2016 |
| 090 | 0 | 4 |
_aPL248.G77 _bŞ57 2016 |
| 100 | 1 | _aGürpınar, Hüseyin Rahmi | |
| 245 | 1 | 0 |
_aŞıpsevdi _h[electronic resource] / _cHüseyin Rahmi Gürpınar ; sadeleştiren Osman Sevim |
| 250 | _a2. Basım | ||
| 260 |
_aİstanbul : _bBilge Kültür Sanat, _c2016 |
||
| 300 | _a496 p. | ||
| 650 | 4 | _aDil ve Edebiyat | |
| 650 | 4 | _aLanguage and Literature | |
| 650 | 0 | _aTürk romanı | |
| 650 | 0 | _aTurkish fiction | |
| 650 | 7 |
_aLITERARY COLLECTIONS / Middle Eastern _2bisacsh |
|
| 700 | 1 | _aSevim, Osman | |
| 856 | 4 | 0 | _uhttp://search.ebscohost.com/login.aspx?direct=true&scope=site&db=e011xww&AN=2015913 |
| 999 |
_c19489 _d19489 |
||